000 01013nam a2200241 i 4500
001 115805
003 ES-MaACL
005 20230906190549.0
007 t|
008 070517s1952 sp ||||1| spa d
080 _a930.255(460.285 T.)
100 1 _aPastor Gómez, José.
_989506
245 1 3 _aEl Hospital de Santa Cruz, de Toledo /
_cpor José Pastor Gómez ; Notas sobre el Hospital de Santa Cruz / por Guillermo Téllez.
260 _aMadrid :
_b[s.n.,
_c1952]
300 _a12 p., [4] p. ;
_c27 cm.
500 _aSeparata de "Arte Español", Revista de la Sociedad Española de Amigos del Arte, nº correspondiente al 2º cuatrimestre de 1952.
500 _aPrecede al tit.: Por la urgente restauración del Hospital de Santa Cruz.
610 2 7 _aHospital de Santa Cruz (Toledo)
_94601
700 1 _aTéllez, Guillermo.
_9109629
740 0 _aNotas sobre el Hospital de Santa Cruz.
740 0 _aPor la urgente restauración del Hospital de Santa Cruz.
852 _aES-MaACL
_j2000-F-25
_bR.42060
999 _c115805
_d115805